000 00532nam a22001817a 4500
005 20240111064853.0
008 240111b |||||||| |||| 00| 0 eng d
020 _a0409037311
041 _aEnglish
082 _a346.2 KER
100 _aKerr, AJ
_lEnglish
245 _aThe Law of Agency /
_cAJ Kerr
250 _aThird Edition
260 _aDurban :
_bButterworth Publishers (Pty) Ltd,
_c1991
300 _bxiii, 386 pages ;
_c25 cm.
650 _aLegal practice
_bLaw
942 _cBK
_6ALISON_BN_VRIES
999 _c1224
_d1224